Scottish and Newcastle plc v G D Construction (St Albans) Ltd (Record no. 72902)
[ view plain ]
| 000 -LEADER | |
|---|---|
| fixed length control field | 01952cam a2200253 4500 |
| 001 - CONTROL NUMBER | |
| control field | ABS66762 |
| 008 - FIXED-LENGTH DATA ELEMENTS--GENERAL INFORMATION | |
| fixed length control field | 030623n2003 000 0 eng u |
| 035 ## - SYSTEM CONTROL NUMBER | |
| System control number | (Sirsi) u122691 |
| 245 ## - TITLE STATEMENT | |
| Title | Scottish and Newcastle plc v G D Construction (St Albans) Ltd |
| 260 ## - PUBLICATION, DISTRIBUTION, ETC. | |
| Date of publication, distribution, etc. | 2003 |
| 490 ## - SERIES STATEMENT | |
| Series statement | Building Law Reports |
| Volume/sequential designation | [2003] 3 BLR 131-146(16) |
| 520 ## - SUMMARY, ETC. | |
| Summary, etc. | [2003] EWCA Civ 16, 22 January 2003. Appeal against decision (TCC, [2002] 80 Con LR 75) on a preliminary issue of law that contractor (G) liability for damages caused by fire was not excluded under a standard JCT IFC 1984 contract. Under cl6.3C.1, the employer (S) was responsible for taking out insurance in joint names of employer and contractor covering damage to the existing structure caused by a number of specified perils including fire. S failed to take out such a policy. S sued G for damages including the cost of rebuilding the existing structure following a fire. S relied on cl6.1.2 which required G to indemnify N in respect of loss or damage caused by subcontractors. G relied on exclusion from cl6.1.2. for loss or damage caused by a specified peril such as fire. G appealed on grounds to establish whether he was liable for damage caused by fire. CA held that the wording of the relevant clauses allocated to S the risk of loss to existing structures by a fire caused by negligence of a subcontractor. Appeal dismissed. View judgment at www.bailii.org. |
| 590 ## - LOCAL NOTE (RLIN) | |
| Local note | ABS |
| 650 ## - SUBJECT ADDED ENTRY--TOPICAL TERM | |
| Topical term or geographic name entry element | SCOTTISH AND NEWCASTLE PLC V GD CONSTRUCTION (ST ALBANS) LTD |
| 650 ## - SUBJECT ADDED ENTRY--TOPICAL TERM | |
| Topical term or geographic name entry element | CONTRACTORS LIABILITY |
| 650 ## - SUBJECT ADDED ENTRY--TOPICAL TERM | |
| Topical term or geographic name entry element | JCT INTERMEDIATE FORM OF BUILDING CONTRACT (1984 EDITION) |
| 650 ## - SUBJECT ADDED ENTRY--TOPICAL TERM | |
| Topical term or geographic name entry element | FIRE |
| 650 ## - SUBJECT ADDED ENTRY--TOPICAL TERM | |
| Topical term or geographic name entry element | NEGLIGENCE |
| 650 ## - SUBJECT ADDED ENTRY--TOPICAL TERM | |
| Topical term or geographic name entry element | CONSTRUCTION DISPUTES |
| 650 ## - SUBJECT ADDED ENTRY--TOPICAL TERM | |
| Topical term or geographic name entry element | JOINT NAMES INSURANCE |
| 690 ## - LOCAL SUBJECT ADDED ENTRY--TOPICAL TERM (OCLC, RLIN) | |
| Topical term or geographic name as entry element | BUILT ENVIRONMENT-BUILDING CONTRACT FORMS |
| 856 ## - ELECTRONIC LOCATION AND ACCESS | |
| Uniform Resource Identifier | <a href="https://www.bailii.org/cgi-bin/markup.cgi?doc=/ew/cases/EWCA/Civ/2003/16.html">https://www.bailii.org/cgi-bin/markup.cgi?doc=/ew/cases/EWCA/Civ/2003/16.html</a> |
| Public note | View judgment on the BAILII website... |
| 942 ## - ADDED ENTRY ELEMENTS (KOHA) | |
| Suppress in OPAC | 0 |
| Withdrawn status | Lost status | Source of classification or shelving scheme | Damaged status | Not for loan | Home library | Current library | Shelving location | Date acquired | Total Checkouts | Full call number | Barcode | Date last seen | Copy number | Price effective from | Koha item type |
|---|---|---|---|---|---|---|---|---|---|---|---|---|---|---|---|
| Dewey Decimal Classification | London | London | Journal article | 23/06/2003 | ABS66762 | 122691-1001 | 06/08/2019 | 1 | 06/08/2019 | Law report |